<?xml version="1.0" encoding="UTF-8"?>
<record
    xmlns:xsi="http://www.w3.org/2001/XMLSchema-instance"
    xsi:schemaLocation="http://www.loc.gov/MARC21/slim http://www.loc.gov/standards/marcxml/schema/MARC21slim.xsd"
    xmlns="http://www.loc.gov/MARC21/slim">

  <leader>02133nam a2200301Ia 4500</leader>
  <controlfield tag="003">OSt</controlfield>
  <controlfield tag="005">20210609124933.0</controlfield>
  <controlfield tag="008">210310s2007    ck     gr     000 0dspa d</controlfield>
  <datafield tag="020" ind1=" " ind2=" ">
    <subfield code="a">9789587018554</subfield>
  </datafield>
  <datafield tag="040" ind1=" " ind2=" ">
    <subfield code="a">CO-JMCR</subfield>
    <subfield code="c">CO-JMCR</subfield>
  </datafield>
  <datafield tag="041" ind1="0" ind2=" ">
    <subfield code="a">spa</subfield>
  </datafield>
  <datafield tag="082" ind1="0" ind2="4">
    <subfield code="a">333.71 /</subfield>
    <subfield code="b">G569e</subfield>
    <subfield code="2">23</subfield>
  </datafield>
  <datafield tag="100" ind1="1" ind2=" ">
    <subfield code="a">G&#xF3;mez Giraldo, Luis Jair, </subfield>
    <subfield code="9">15888</subfield>
    <subfield code="e">autor</subfield>
  </datafield>
  <datafield tag="245" ind1="1" ind2="3">
    <subfield code="a">La econom&#xED;a ecol&#xF3;gica : </subfield>
    <subfield code="b">bases fundamentales / </subfield>
    <subfield code="c">Luis Jair G&#xF3;mez Giraldo, Elkin Vargas Pimiento, Luis Guillermo Posada Londo&#xF1;o</subfield>
  </datafield>
  <datafield tag="250" ind1=" " ind2=" ">
    <subfield code="a">Primera edici&#xF3;n</subfield>
  </datafield>
  <datafield tag="260" ind1=" " ind2=" ">
    <subfield code="a">Bogot&#xE1; : </subfield>
    <subfield code="b">Universidad Nacional de Colombia : Instituto de Estudios Ambientales-IDEA, </subfield>
    <subfield code="c">2007</subfield>
  </datafield>
  <datafield tag="300" ind1=" " ind2=" ">
    <subfield code="a">141 p&#xE1;ginas ; </subfield>
    <subfield code="c">21 cm.</subfield>
  </datafield>
  <datafield tag="490" ind1="0" ind2=" ">
    <subfield code="a">Ideas ; </subfield>
    <subfield code="v">9</subfield>
  </datafield>
  <datafield tag="500" ind1=" " ind2=" ">
    <subfield code="a">Incluye notas a pie de p&#xE1;gina y datos biogr&#xE1;ficos de los autores.
</subfield>
  </datafield>
  <datafield tag="504" ind1=" " ind2=" ">
    <subfield code="a">Bibliograf&#xED;a: p&#xE1;ginas 136-141</subfield>
  </datafield>
  <datafield tag="505" ind1="0" ind2=" ">
    <subfield code="a">Planteamiento general -- Necesidad de una econom&#xED;a ecol&#xF3;gica -- Naturaleza de la econom&#xED;a convencional -- Naturaleza de la econom&#xED;a ambiental -- Antecedentes de la econom&#xED;a ecol&#xF3;gica -- Conceptos de econosfera, ecosfera, biosfera, noosfera y sociosfera: definiciones y relaciones -- Elementos energ&#xE9;ticos -- Elementos operativos de la econosfera: trabajo y termodin&#xE1;mica -- Determinantes de la econom&#xED;a ecol&#xF3;gica -- La relaci&#xF3;n ecosfera-econosfera como soporte de la econom&#xED;a ecol&#xF3;gica</subfield>
  </datafield>
  <datafield tag="520" ind1="3" ind2=" ">
    <subfield code="a">Con la intenci&#xF3;n de incorporar la transdisciplinariedad necesaria en la comprensi&#xF3;n y tratamiento de la tem&#xE1;tica ambiental, los profesores G&#xF3;mez, Vargas y Posada han participado en exitosos experimentos docentes en los cursos de la L&#xED;nea de Profundizaci&#xF3;n sobre Econom&#xED;a y Medio Ambiente y de Contexto sobre Gesti&#xF3;n Ambiental para las carreras de de la Universidad Nacional Sede Medell&#xED;n y han trabajado conjuntamente asignaturas en sus maestr&#xED;as de Gesti&#xF3;n y Desarrollo Ambiental y de Econom&#xED;a  de la Energ&#xED;a y de los Recursos Naturales.</subfield>
  </datafield>
  <datafield tag="650" ind1="1" ind2="4">
    <subfield code="a">Econom&#xED;a ambiental</subfield>
    <subfield code="9">15890</subfield>
  </datafield>
  <datafield tag="650" ind1="2" ind2="4">
    <subfield code="a">Pol&#xED;tica ambiental</subfield>
    <subfield code="9">38237</subfield>
  </datafield>
  <datafield tag="700" ind1="1" ind2=" ">
    <subfield code="a">Vargas Pimiento, Elkin, </subfield>
    <subfield code="e">autor</subfield>
    <subfield code="9">38238</subfield>
  </datafield>
  <datafield tag="700" ind1="1" ind2=" ">
    <subfield code="a">Posada Londo&#xF1;o, Luis Guillermo, </subfield>
    <subfield code="e">autor</subfield>
    <subfield code="9">38239</subfield>
  </datafield>
  <datafield tag="942" ind1=" " ind2=" ">
    <subfield code="2">ddc</subfield>
    <subfield code="c">BK</subfield>
  </datafield>
  <datafield tag="999" ind1=" " ind2=" ">
    <subfield code="c">7944</subfield>
    <subfield code="d">7944</subfield>
  </datafield>
  <datafield tag="952" ind1=" " ind2=" ">
    <subfield code="0">0</subfield>
    <subfield code="1">0</subfield>
    <subfield code="2">ddc</subfield>
    <subfield code="4">0</subfield>
    <subfield code="7">0</subfield>
    <subfield code="8">NFIC</subfield>
    <subfield code="a">CPL</subfield>
    <subfield code="b">CPL</subfield>
    <subfield code="d">2018-04-15</subfield>
    <subfield code="e">Donaci&#xF3;n</subfield>
    <subfield code="l">7</subfield>
    <subfield code="m">1</subfield>
    <subfield code="o">333.71 / G569e</subfield>
    <subfield code="p">430003607</subfield>
    <subfield code="r">2025-11-19 08:44:35</subfield>
    <subfield code="s">2025-11-19</subfield>
    <subfield code="t">Ej.1</subfield>
    <subfield code="y">BK</subfield>
  </datafield>
</record>
